000
00329nam a2200133 a 4500
008
000221s1973||||xx 0 und c
040
_a
SNK
_b
slo
_c
SNK
_e
AACR2
100
1
_a
Koyš, Pavel
245
1
0
_a
Pieseň o Slovensku
260
_a
Bratislava
_b
Slovenský Spisovateľ
_c
1973
020
_c
95
044
_a
xo
_c
SK
041
_a
slo
999
_c
14962
_d
14962